000
00232nam a2200097Ia 4500
005
20251222114416.0
008
251222s1900||||xx |||||||||||||| ||spa||
082
_a
DVD0111/R68/2009
245
0
_a
UP: una aventura de altura:
942
_c
DVD
999
_c
2226
_d
2226